ՀՀ Գիտությունների ազգային ակադեմիայի հիմնարար գիտական գրադարան  =   Fundamental Scientific Library of NAS RA

Автоматизированное проектирование следящих приводов и их элементов / (Record no. 297564)

MARC details
000 -LEADER
fixed length control field 01024nam a2200229 u 4500
001 - CONTROL NUMBER
control field 000824509
003 - CONTROL NUMBER IDENTIFIER
control field AM-YeHGA
005 - DATE AND TIME OF LATEST TRANSACTION
control field 20250617144623.0
008 - FIXED-LENGTH DATA ELEMENTS--GENERAL INFORMATION
fixed length control field 110722s1984 ru r 000 0 rus d
040 ## - CATALOGING SOURCE
Original cataloging agency AM-YeHGA
041 0# - LANGUAGE CODE
Language code of text/sound track or separate title rus
090 ## - LOCALLY ASSIGNED LC-TYPE CALL NUMBER (OCLC); LOCAL CALL NUMBER (RLIN)
-- 299258
245 00 - TITLE STATEMENT
Title Автоматизированное проектирование следящих приводов и их элементов /
Statement of responsibility, etc. [В. Ф. Казмиренко, М. В. Баранов, Ю. В. Илюхин и др.]; Под ред. В. Ф. Казмиренко.
260 ## - PUBLICATION, DISTRIBUTION, ETC.
Place of publication, distribution, etc. Москва :
Name of publisher, distributor, etc. Энергоатомиздат,
Date of publication, distribution, etc. 1984.
300 ## - PHYSICAL DESCRIPTION
Extent 240 с. :
Other physical details ил.
500 ## - GENERAL NOTE
General note Авт. указаны на обороте тит. л.
504 ## - BIBLIOGRAPHY, ETC. NOTE
Bibliography, etc. note Библиогр.: с. 237-238
653 0# - INDEX TERM--UNCONTROLLED
Uncontrolled term Следящие приводы - Проектирование - Математические методы
700 1# - ADDED ENTRY--PERSONAL NAME
Personal name Казмиренко, Вячеслав Федорович
700 1# - ADDED ENTRY--PERSONAL NAME
Personal name Баранов, М. В.
700 1# - ADDED ENTRY--PERSONAL NAME
Personal name Илюхин, Ю.В.
Holdings
Withdrawn status Lost status Damaged status Not for loan Collection Home library Current library Date acquired Total checkouts Full call number Barcode Date last seen Price effective from Koha item type Public note
        General Fundamental Scientific Library Fundamental Scientific Library 09/01/2017   PII/518049 FL0200246 09/01/2017 09/01/2017 Գրքեր / Books 30 Days Loan


ՀՀ ԳԱԱ հիմնարար գիտական գրադարան
ՀՀ,Երևան 0019
Մարշալ Բաղրամյան 24/6
հեռախոս:(374-10) 52-47-50
Հետադարձ կապ

All site content, except where otherwise noted, is licensed under a
Creative Commons License